Bilecik Bilecik Bilecik Bilecik Bilecik

100 soruda iktisadi doktrinler tarihi/ (Record no. 33037)

MARC details
000 -BAŞLIK
Sabit Uzunluktaki Kontrol Alanı 00914nam a22003137a 4500
001 - KONTROL NUMARASI
Control Dosyası 0032892
003 - KONTROL NUMARASI KİMLİĞİ
Kontrol Alanı KOHA_MİRAKIL
005 - EN SON İŞLEM TARİHİ ve ZAMANI
Kontrol Alanı 20260207002841.0
007 - FİZİKSEL TANIM SABİT ALAN - GENEL BİLGİ
Sabit uzunluklu kontrol alanı ta
008 - SABİT UZUNLUKTAKİ VERİ ÖGELERİ - GENEL BİLGİ
Sabit Alan 111005b1974 tu |||gr||||#||||0|tur |
040 ## - KATALOGLAMA KAYNAĞI
Özgün Kataloglama Kurumu TR-BiSEU
Kataloglama Dili tur
Çeviri Kurumu TR-BiSEU
Açıklama Kuralları rda
041 0# - DİL KODU
Metin ya da ses kaydının dil kodu tur
044 ## - YAYINLAYAN/ÜRETEN KURULUŞUN ÜLKE KODU
ISO country code tu
050 ## - SINIFLAMA ve YER NUMARASI
Sınıflama Numarası HB75
Yer Numarası .S45 1974
100 1# - KİŞİ ADI
Yazar Adı (Kişi adı) Selik, Mehmet.
245 1# - ESER ADI BİLDİRİMİ
Başlık 100 soruda iktisadi doktrinler tarihi/
Sorumluluk Bildirimi Mehmet Selik ; Mehmet Selik.
264 #1 - ÜRERİM, YAYIN, DAĞITIM ve TELİF BİLDİRİMİ
Yayın yeri İstanbul :
Yayınlayan Gerçek Yayınevi
Yayın tarihi 1974
300 ## - FİZİKSEL TANIMLAMA
Sayfa, Cilt vb. 352 s. ;
Boyutları 20 cm.
336 ## - İÇERİK TÜRÜ
Content type term metin
Content type code txt
Source rdacontent
337 ## - MEDYA TÜRÜ
Media type term aracısız
Media type code n
Source rdamedia
338 ## - TAŞIYICI TÜRÜ
Carrier type term cilt
Carrier type code nc
Source rdacarrier
490 1# - DİZİ BİLDİRİMİ
Dizi Bildirimi Gerçek Yayınevi.
490 1# - DİZİ BİLDİRİMİ
Dizi Bildirimi 100 Soruda dizisi ;
Cilt Numarası 35.
650 #0 - KONU BAŞLIĞI EK GİRİŞ - KONU TERİMİ
Konusal terim veya coğrafi ad Ekonomi--Tarih.
9 (RLIN) 8352
650 #0 - KONU BAŞLIĞI EK GİRİŞ - KONU TERİMİ
Konusal terim veya coğrafi ad Economics--History.
9 (RLIN) 8353
830 1# - SERİ EK GİRİŞİ - TEKBİÇİM ESER ADI
Tekbiçim Başlık Gerçek Yayınevi.
9 (RLIN) 64232
830 1# - SERİ EK GİRİŞİ - TEKBİÇİM ESER ADI
Tekbiçim Başlık 100 Soruda dizisi ;
Volume number/sequential designation 35.
9 (RLIN) 64233
942 ## - EK GİRİŞ ÖGELERİ (KOHA)
Source of classification or shelving scheme Library of Congress Classification
Koha item type Book
Holdings
Materyal Türü Kalıcı Konum Mevcut Konum Raf Yeri Sınıflandırma Kaynağı Edinim Bilgisi Ana Konular Alt Konular Yer Numarası Demirbaş Numarası Fatura Tarihi Maliyet, Alış Fiyatı Maliyet, Yenileme Fiyatı Geri Çekilme Durumu Kayıp Durumu Hasarlı Durumu Kredi için değil Kayıt Tarih Toplam Ödünçverme Son Görülme Tarihi Son Kontrol Tarihi Genel / Bağış Notu
Book Prof. Dr. Azmi Özcan Kütüphanesi Prof. Dr. Azmi Özcan Kütüphanesi Uluğbey Salonu Library of Congress Classification Bağış SOSYAL BİLİMLER Ekonomi Teorisi, Demografi HB75 .S45 1974 0032892 02/02/2026 2.00 2.00         05/10/2011 2 05/12/2024 05/12/2024 Genel Bağış